| 000 | 00618nam a2200241Ia 4500 | ||
|---|---|---|---|
| 003 | OSt | ||
| 005 | 20230620094310.0 | ||
| 008 | 210423s2013 xx 000 0 und d | ||
| 020 | _a978-81-224-2408-9 | ||
| 040 | _cAL | ||
| 041 | _aeng | ||
| 082 |
_a541.28 PRAQ _223 |
||
| 100 |
_aPRASAD (R K). _9110284 |
||
| 245 | _aQuantum chemistry Ed 4 | ||
| 250 | _a4 | ||
| 260 |
_aNew Delhi _bNew Age International _c2013 |
||
| 300 |
_axx,566 _bPB |
||
| 365 |
_b295 _cINR |
||
| 650 |
_aChemistry _9110285 |
||
| 650 |
_aPhysical & Theoretical Chemistry _9110286 |
||
| 906 | _achemistry ; Ed ; Quantum | ||
| 942 |
_2ddc _cBK |
||
| 999 |
_c165254 _d165254 |
||